000 00639nam a22001697a 4500
003 OSt
005 20171010095447.0
008 120620t xxu||||| |||| 00| 0 eng d
040 _aMMSU
_cULS
100 _aDumaoal, Rozalie C.
_910475
245 _aEvaluation of the farmers field school on integrated pest management for off-season mango in Paoay, Ilocos Norte
260 _c2007
300 _axiii, 49 leaves
_c28 cm.
500 _aThesis (BS Development Communication) -- Mariano Marcos State University-College of Agriculture, Food & Sustainable Development, Batac City
504 _aBibliography: leaves 40-42
942 _2ddc
_cTHEDIS
999 _c9575
_d9575